000 00900nam a22003017a 4500
001 86174
003 DO-SdBNP
005 20180222103931.0
007 86174
008 901102s1988 sp a spa
016 7 _2BPMSU
020 _a8477222401
040 _aBPMSU
_bspa
_cBPMSU
082 4 _axxx
_bxxx
100 1 _aMontgomery, R. A.
240 1 _aBeyond Escape!
245 1 0 _aMás allá de la frontera /
_cR.A. Montgomery ; ilustraciones Frank Bolle ; traducción Tere Casanovas
260 _aBarcelona :
_bTimun Mas,
_c1988.
300 _a112 p. ;
_bil.:
_c18 cm.
490 1 _aElige tu propia aventura
_v48
500 _aTraducción de: Beyond escape!
700 1 _aBolle, Frank
_eil.
700 1 _aCasanovas, Tere
_4traductor
830 _aElige tu propia aventura
_v48
942 _2ddc
_cBK
945 _aInventariado, 2018/ YL
956 _aVMATEO
_210
_320151123
_6BPMSU
_800151
999 _c8870
_d8870